Central Library OPAC University of Rajshahi

Physical elements of geography / (Record no. 72351)

MARC details
000 -LEADER
fixed length control field 01102nam a2200289 a 4500
001 - CONTROL NUMBER
control field 72351
003 - CONTROL NUMBER IDENTIFIER
rucl marc code BD-RjUL
005 - DATE AND TIME OF LATEST TRANSACTION
control field 20211209082242.0
008 - FIXED-LENGTH DATA ELEMENTS--GENERAL INFORMATION
fixed length control field 170516s1967 nyuab b 001 0 eng d
035 ## - SYSTEM CONTROL NUMBER
System control number (BD-RjUL)72568
040 ## - CATALOGING SOURCE
Original cataloging agency DLC
Transcribing agency DLC
Modifying agency DLC
-- BD-RjUL
Language of cataloging eng
041 ## - LANGUAGE CODE
Language code of text/sound track or separate title eng
082 00 - DEWEY DECIMAL CLASSIFICATION NUMBER
Classification number 910.02
Edition number 23
Author mark and year TRP 1967
100 1# - MAIN ENTRY--PERSONAL NAME
Personal name Trewartha, Glenn Thomas,
Dates associated with a name 1896-1984.
9 (RLIN) 203090
245 10 - TITLE STATEMENT
Title Physical elements of geography /
Statement of responsibility, etc. Glenn T. Trewartha, Arthur H. Robinson and Edwin H. Hammond ; Cartography by Randall D. Sale.
250 ## - EDITION STATEMENT
Edition statement 5th ed.
260 ## - PUBLICATION, DISTRIBUTION, ETC. (IMPRINT)
Place of publication, distribution, etc. New York :
Name of publisher, distributor, etc. McGraw-Hill,
Date of publication, distribution, etc. c1967
300 ## - PHYSICAL DESCRIPTION
Pagination viii, 527 p. :
Illustrations ill. ;
Size 27 cm.
490 0# - SERIES STATEMENT
Series statement McGraw-Hill series in geography
504 ## - BIBLIOGRAPHY, ETC. NOTE
Bibliography, etc Includes bibliographies and index.
650 #0 - SUBJECT ADDED ENTRY--TOPICAL TERM
Topical term or geographic name as entry element Physical geography.
9 (RLIN) 213971
700 1# - ADDED ENTRY--PERSONAL NAME
Personal name Robinson, Arthur Howard,
Dates associated with a name 1915-2004,
Relator term joint author.
Personal name Hammond, Edwin Hughes,
Dates associated with a name 1919-
Relator term joint author.
Personal name Finch, V. C.
Fuller form of name (Vernor Clifford),
Dates associated with a name 1883-1959.
830 ## - SERIES ADDED ENTRY--UNIFORM TITLE
Uniform title McGraw-Hill series in geography
942 ## - ADDED ENTRY ELEMENTS (KOHA)
Source of classification or shelving scheme Dewey Decimal Classification
Koha item type Books
Holdings
Lost status Source of classification or shelving scheme Damaged status Not for loan Collection code Permanent Location Current Location Shelving location Date acquired Source of acquisition Total Checkouts Full call number Date last seen Copy number Koha item type
  Dewey Decimal Classification   Not For Loan Non-fiction Central Library, University of Rajshahi Central Library, University of Rajshahi Reading Room 11/01/1973 Euro B.D. News Agency   910.02 TRP 1967 16/05/2017 C-1 Books